| 000 | 00563nam a22001815i 4500 | ||
|---|---|---|---|
| 001 | 168545 | ||
| 003 | ES-MaACL | ||
| 005 | 20250811100320.0 | ||
| 008 | 080417s1974 sp |||| | spa d | ||
| 080 | _a616.89-053.2 | ||
| 100 | 1 |
_aMaclay, David Thomson. _9137636 |
|
| 245 | 1 | 0 |
_aTerapéutica de los trastornos psicológicos de la infancia / _cDavid T. Maclay. |
| 260 |
_aBarcelona : _bSalvat, _c[1974] |
||
| 300 |
_aIX, 278 p. ; _c23 cm. |
||
| 650 | 1 | 7 |
_aPsiquiatría infantil _2embne _916595 |
| 852 |
_aES-MaACL _jE-6049 _9R.90677 |
||
| 999 |
_c168545 _d168545 |
||